Darts Weltmeister - Sudden Death - Statistiken

Allgemein
  • Dieses Quiz wurde 2.008 mal gespielt
    1.608 seit der letzten Aktualisierung
  • Das Durchschnittsergebnis liegt bei 10 aus 13
Answers on the Grid
Answers color-coded by a green-red scale on the quiz's grid according to % correct below.
Adrian Lewis
Colin Lloyd
Daryl Gurney
Dennis Priestley
Dimitri van den Bergh
Gary Anderson
Gerwyn Price
James Wade
John Part
Jonny Clayton
José de Sousa
Luke Humphries
Luke Littler
Michael Smith
Michael van Gerwen
Nathan Aspinall
Peter Wright
Phil Taylor
Raymond van Barneveld
Rob Cross
Robert Thornton
Rod Harrington
Simon Whitlock
Stephen Bunting
 
Antwortstatistiken
Antwort % Korrekt
Gerwyn Price
85%
Luke Littler
85%
Phil Taylor
85%
Adrian Lewis
84%
Michael van Gerwen
84%
Peter Wright
84%
Gary Anderson
83%
Luke Humphries
83%
Michael Smith
81%
Raymond van Barneveld
76%
Rob Cross
76%
John Part
58%
Dennis Priestley
56%
Keine übereinstimmenden Quizze gefunden
Verteilung der Resultate
Anzahl Personen mit jedem Resultat
Perzentil nach korrekt beantworteten Fragen
Ihre Resultats-Entwicklung
Sie haben dieses Quiz seit der letzten Aktualisierung nicht gespielt